Statistics for World Capital #8

Click here to take the quiz!

General Stats

  • This quiz has been taken 17 times
  • The average score is 13 of 15

Answer Stats

CountryCapital% Correct
GreeceAthens
94%
RomaniaBucharest
94%
Czech RepublicPrague
94%
BulgariaSofia
94%
PolandWarsaw
94%
CroatiaZagreb
94%
SlovakiaBratislava
88%
SloveniaLjubljana
88%
AlbaniaTirana
88%
Bosnia
Sarajevo
82%
North MacedoniaSkopje
82%
SerbiaBelgrade
76%
KosovoPristina
76%
MoldovaChișinău
71%
MontenegroPodgorica
71%

Score Distribution

Percentile by Number Answered

Percent of People with Each Score

Your Score History

You have not taken this quiz